Personnages de dessins animés #2 - Statistiques

Statistiques générales
  • Ce quiz a été pris 708 fois
  • Le résultat moyen est 13 sur 24
Statistiques - réponses
Clue Character % Correct
Avec son copain singe Babouche, elle demande où est la carte Dora
92%
Il combat le crime à Gotham Batman
91%
Le plus gentil des fantôme Casper
89%
Chien de Mickey Pluto
89%
Chat régulièrement embêté par des cafards Oggy
88%
Alex, Sam et Clover travaille sous ses ordres Jerry
87%
Meilleur ami de Bob l'éponge Patrick
84%
Il a cru voir voir un rominet Titi
83%
Rongeur racontant des histoires Père Castor
78%
Les épinards lui donneraient beaucoup de force Popeye
73%
Il est le pire ouvrier de centrale nucléaire Homer Simpson
71%
Il serait le dernier dinosaure Denver
63%
Gros chien rouge Clifford
54%
Il meurt souvent dans South Park Kenny
49%
Enfant vivant dans un monastère et pouvant parler aux animaux Marcelino
48%
Il résout des mystères avec sa soeur Diana et un homme des cavernes Martin
42%
Chien policier de la Pat Patrouille Chase
31%
Souris à grosse tête qui tente de conquérir le monde Cortex
24%
Chef des Decepticons Megatron
20%
Martien parmi les Looney Tunes Marvin le Martien
10%
Princesse des Enfers dans Hazbin Hotel Charlie Morningstar
9%
Homme préhistorique libéré de la glace par Brenda, Lili et Babette Capitaine Caverne
8%
Comparse bricoleuse de Tic et Tac au sein des Rangers du Risques Gadget
3%
Élan bleu dans Happy Tree Friends Lumpy
2%
Aucun quiz correspondant
Distribution des résultats
% des personnes avec chaque résultat
Percentile par nombre de réponses
Votre historique - résultats
Vous n’avez pas pris ce quiz